| 000 | 01846nam a2200277Ia 4500 | ||
|---|---|---|---|
| 999 |
_c34527 _d34527 |
||
| 001 | 277 | ||
| 003 | GE_BSU | ||
| 005 | 20250411112028.0 | ||
| 008 | 181216s2011||||ge |||||||||||||| ||geo|| | ||
| 020 | _a9789941172694 | ||
| 040 | _cGE_BSU | ||
| 041 | _ageo | ||
| 080 | _a37.01(075.8) ბ-65 | ||
| 100 |
_aბიბილეიშვილი, იური _924761 |
||
| 245 |
_aსტუდენტთა საუნივერსიტეტო სწავლებისა და აღზრდის საკითხები : _b[სახელმძღვ. დოქტორანტებისა და უმაღლ. სკოლის ლექტორ-მასწავლებლებისათვის] / _cიური ბიბილეიშვილი, ლელა თავდიგირიძე; [რედ. ალეკო ბაკურიძე]; შოთა რუსთაველის სახელმწ. უნ-ტი, პედაგოგ. მეცნ. დეპარტამენტი. |
||
| 264 |
_aთბილისი : _bუნივერსალი, _c2011. |
||
| 300 |
_a340 გვ.; _b20სმ. |
||
| 504 | _aბიბლიოგრ. ტექსტ. შენიშვნ. და გვ. 333-336. | ||
| 541 | _h10ლ. | ||
| 653 | _aპედაგოგიკა | ||
| 653 | _aსაუნივერსიტეტო განათლება საქართველოში | ||
| 700 |
_aთავდგირიძე, ლელა _eატვორი _91294 |
||
| 700 |
_aბაკურიძე, ალეკო _eრედაქტორი _924762 |
||
| 710 |
_aშოთა რუსთაველის სახელმწ. უნ-ტი. პედაგოგ. მეცნ. დეპარტამენტი _924763 |
||
| 942 |
_cBK _2udc |
||